[Event "Toronto Summer op"]
[Site "Toronto"]
[Date "2000.08.17"]
[Round "3"]
[White "Morrell, Gordon"]
[Black "Teodoro, Eduardo"]
[Result "1/2-1/2"]
[WhiteElo "2137"]
[BlackElo "2395"]
[PlyCount "89"]
[EventDate "2000.08.16"]
[EventType "swiss"]
[EventRounds "9"]
[EventCountry "CAN"]
[SourceTitle "EXT 2001"]
[Source "ChessBase"]
[SourceDate "2000.11.22"]
[SourceVersion "1"]
[SourceVersionDate "2000.11.22"]
[SourceQuality "1"]

1. Nf3 Nf6 2. c4 c5 3. Nc3 Nc6 4. e3 d5 5. cxd5 Nxd5 6. Qc2 e6 7. a3 Be7 8. Be2 0-0 9. 0-0 b6 10. Rd1 Bb7 11. h3 a6 12. b3 Rc8 13. Bb2 Bf6 14. Ne4 Bxb2 15. Qxb2 h6 16. Rab1 Qe7 17. d3 Rfd8 18. Rbc1 e5 19. Qc2 g6 20. Bf1 Kh7 21. Nc3 Nxc3 22. Qxc3 f6 23. Nd2 Qe6 24. Qc4 Qe7 25. Qc3 Qe6 26. Qc4 Qe7 27. Qh4 Qe6 28. Qc4 Re8 29. Qxe6 Rxe6 30. Be2 Ne7 31. Nc4 Rd8 32. Bg4 f5 33. Be2 g5 34. b4 cxb4 35. axb4 Bd5 36. Ra1 b5 37. Na5 Rc8 38. Rdc1 Rd8 39. Rc7 Kg6 40. Rac1 Ng8 41. Ra7 Nf6 42. Rcc7 Ne8 43. Rc5 Nf6 44. Rcc7 Ne8 45. Rc5 1/2-1/2

[Event "Toronto op"]
[Site "Toronto"]
[Date "1998.05.18"]
[Round "9"]
[White "Gardner, Robert"]
[Black "Teodoro, Eduardo"]
[Result "1/2-1/2"]
[WhiteElo "2180"]
[BlackElo "2365"]
[PlyCount "48"]
[EventDate "1998.05.14"]
[EventType "swiss"]
[EventRounds "9"]
[EventCountry "CAN"]
[SourceTitle "CBM 065 Extra"]
[Source "ChessBase"]
[SourceDate "1998.09.09"]
[SourceVersion "1"]
[SourceVersionDate "1998.09.09"]
[SourceQuality "1"]

1. e4 c5 2. Nf3 e6 3. d4 cxd4 4. Nxd4 a6 5. Bd3 Qc7 6. 0-0 b6 7. c4 Bb7 8. b3 Nf6 9. Nd2 Bd6 10. N4f3 Nc6 11. Bb2 Rc8 12. Qe2 Ng4 13. h3 Nge5 14. Nxe5 Nxe5 15. Nf3 Nxf3+ 16. Qxf3 Bh2+ 17. Kh1 Be5 18. Bxe5 Qxe5 19. Qe3 Qc7 20. Rad1 d6 21. Be2 0-0 22. Rd2 Rcd8 23. Rfd1 Rfe8 24. Rd3 g6 1/2-1/2

[Event "Toronto op"]
[Site "Toronto"]
[Date "1998.05.17"]
[Round "7"]
[White "Teodoro, Eduardo"]
[Black "Davies, Nigel Rodney"]
[Result "1/2-1/2"]
[WhiteElo "2365"]
[BlackElo "2515"]
[PlyCount "75"]
[EventDate "1998.05.14"]
[EventType "swiss"]
[EventRounds "9"]
[EventCountry "CAN"]
[SourceTitle "CBM 065 Extra"]
[Source "ChessBase"]
[SourceDate "1998.09.09"]
[SourceVersion "1"]
[SourceVersionDate "1998.09.09"]
[SourceQuality "1"]

1. e4 c5 2. Nf3 e6 3. d4 cxd4 4. Nxd4 a6 5. c4 Nf6 6. Nc3 Qc7 7. a3 b6 8. Bd3 Bb7 9. 0-0 d6 10. Be3 Nbd7 11. f3 Be7 12. Rc1 0-0 13. Rf2 Rac8 14. Bf1 Qb8 15. b4 Rfe8 16. g3 Bf8 17. Nb3 Ba8 18. Rd2 h6 19. c5 bxc5 20. bxc5 dxc5 21. Bxa6 Rc6 22. Bb5 Rd6 23. Rcc2 Rc8 24. Rxd6 Bxd6 25. Rd2 c4 26. Na5 Bc7 27. Bxd7 Nxd7 28. Nxc4 Bc6 29. Ne2 Qb5 30. Nd4 Qxc4 31. Nxc6 Qxc6 32. Rxd7 Bb6 33. Bxb6 Qxb6+ 34. Kg2 Qb2+ 35. Rd2 Qxa3 36. Rd8+ Rxd8 37. Qxd8+ Kh7 38. Qd2 1/2-1/2

[Event "Toronto op"]
[Site "Toronto"]
[Date "1998.05.15"]
[Round "3"]
[White "Teodoro, Eduardo"]
[Black "Duong, Thanh Nha"]
[Result "1-0"]
[WhiteElo "2365"]
[BlackElo "2300"]
[PlyCount "78"]
[EventDate "1998.05.14"]
[EventType "swiss"]
[EventRounds "9"]
[EventCountry "CAN"]
[SourceTitle "CBM 065 Extra"]
[Source "ChessBase"]
[SourceDate "1998.09.09"]
[SourceVersion "1"]
[SourceVersionDate "1998.09.09"]
[SourceQuality "1"]

1. e4 e5 2. Nf3 Nc6 3. Bb5 a6 4. Ba4 Nf6 5. 0-0 Be7 6. Re1 b5 7. Bb3 0-0 8. c3 d5 9. exd5 Nxd5 10. Nxe5 Nxe5 11. Rxe5 c6 12. Bxd5 cxd5 13. d4 Bd6 14. Re3 Qc7 15. h3 Bf5 16. Nd2 Rae8 17. Nf1 Qd7 18. a4 Re6 19. axb5 axb5 20. Qe2 Rg6 21. Kh1 Be4 22. f3 Bf5 23. Ra6 Bxh3 24. Rxd6 Bxg2+ 25. Qxg2 Qxd6 26. Qe2 Qd7 27. Bd2 Qh3+ 28. Nh2 Qg3 29. Qf1 Ra8 30. f4 Qh4 31. Be1 Qd8 32. f5 Rb6 33. Qe2 f6 34. Ng4 Rbb8 35. Bg3 Rb7 36. Re6 Qf8 37. Qg2 h5 38. Bd6 Ra1+ 39. Kh2 Qd8 1-0

[Event "Canadian op"]
[Site "Winnipeg"]
[Date "1997.07.16"]
[Round "6"]
[White "Teodoro, Eduardo"]
[Black "Brasket, Curt Justin"]
[Result "1-0"]
[WhiteElo "2350"]
[BlackElo "2230"]
[PlyCount "79"]
[EventDate "1997.07.12"]
[EventType "tourn"]
[EventRounds "10"]
[EventCountry "CAN"]
[SourceTitle "CBM 060 Extra"]
[Source "ChessBase"]
[SourceDate "1997.11.04"]
[SourceVersion "1"]
[SourceVersionDate "1997.11.04"]
[SourceQuality "1"]

1. e4 Nf6 2. e5 Nd5 3. d4 d6 4. exd6 cxd6 5. Bd3 g6 6. c4 Nc7 7. Ne2 Bg7 8. Nbc3 Nc6 9. Be3 0-0 10. 0-0 e5 11. d5 Ne7 12. f3 f5 13. f4 Kh8 14. Bc2 Ne8 15. fxe5 dxe5 16. d6 Nxd6 17. Bc5 Nxc4 18. Qxd8 Rxd8 19. Bxe7 Rd7 20. Rfd1 e4 21. Rxd7 Bxd7 22. Rd1 Bc6 23. b4 Ne3 24. Rc1 Rc8 25. Bb3 Ng4 26. Rd1 Bh6 27. h3 Re8 28. Bh4 Ne3 29. Rd6 f4 30. Bf6+ Bg7 31. Bxg7+ Kxg7 32. Nxf4 Nf5 33. Rd1 Re7 34. b5 Be8 35. g4 Nh4 36. Ne6+ Kh6 37. Nxe4 g5 38. N4xg5 Bxb5 39. Kf2 Ng6 40. Kg3 1-0

[Event "Ontario"]
[Site "Ontario"]
[Date "1997.??.??"]
[Round "5"]
[White "Teodoro, Eduardo"]
[Black "Jung, Hans Rudolf"]
[Result "1-0"]
[WhiteElo "2350"]
[BlackElo "2240"]
[PlyCount "107"]
[EventDate "1997.??.??"]
[EventType "tourn"]
[EventRounds "9"]
[EventCountry "CAN"]
[SourceTitle "EXT 1999"]
[Source "ChessBase"]
[SourceDate "1998.11.16"]
[SourceVersion "1"]
[SourceVersionDate "1998.11.16"]
[SourceQuality "1"]

1. e4 d6 2. d4 e5 3. Nc3 Be7 4. Be3 exd4 5. Qxd4 Nf6 6. h3 0-0 7. g4 a6 8. Nge2 Nc6 9. Qd1 b5 10. Ng3 Ne5 11. f4 Nc4 12. Bxc4 bxc4 13. g5 Ne8 14. Qe2 Rb8 15. 0-0-0 c5 16. Qxc4 Nc7 17. Nd5 Nxd5 18. exd5 f6 19. h4 Rb4 20. Qc3 Bg4 21. Rdf1 Qd7 22. a3 Rb7 23. Qd3 Rfb8 24. f5 Rxb2 25. Qc4 Bd8 26. Kd2 Ba5+ 27. Kd3 Qe8 28. Rf4 R8b4 29. axb4 Rxb4 30. Qxb4 cxb4 31. Rxg4 Qb5+ 32. Ke4 Qc4+ 33. Kf3 Qxd5+ 34. Kf2 fxg5 35. hxg5 Qa2 36. Rd1 Qxc2+ 37. Rd2 Qc6 38. f6 b3 39. Re2 Bc3 40. Rf4 gxf6 41. gxf6 Kf7 42. Ne4 h6 43. Nxc3 Qxc3 44. Bd4 Qh3 45. Ke1 Qg3+ 46. Rff2 d5 47. Re7+ Kf8 48. Rd7 Qh4 49. f7 Qe4+ 50. Kf1 Qb1+ 51. Kg2 Qe4+ 52. Kh2 Qh4+ 53. Kg1 Qxf2+ 54. Kxf2 1-0

[Event "Toronto op"]
[Site "Toronto"]
[Date "1997.??.??"]
[Round "1"]
[White "Teodoro, Eduardo"]
[Black "Jung, Hans Rudolf"]
[Result "1-0"]
[WhiteElo "2440"]
[BlackElo "2300"]
[PlyCount "70"]
[EventDate "1997.??.??"]
[EventType "swiss"]
[EventRounds "7"]
[EventCountry "CAN"]
[SourceTitle "EXT 2001"]
[Source "ChessBase"]
[SourceDate "2000.11.22"]
[SourceVersion "1"]
[SourceVersionDate "2000.11.22"]
[SourceQuality "1"]

1. e4 d5 2. exd5 Qxd5 3. Nc3 Qa5 4. d4 Nf6 5. Bc4 c6 6. Nf3 Bf5 7. 0-0 e6 8. Nh4 Bg4 9. f3 Bh5 10. g4 g5 11. Ne4 Nbd7 12. Nxg5 Rg8 13. gxh5 h6 14. f4 0-0-0 15. Kh1 hxg5 16. fxg5 Ne4 17. g6 fxg6 18. Bxe6 Bd6 19. Qg4 Nf2+ 20. Rxf2 Qe1+ 21. Kg2 gxh5 22. Bg5 Qxa1 23. Qxh5 Qe1 24. Bxg8 Rxg8 25. Nf5 Qe4+ 26. Kf1 Qh1+ 27. Ke2 Bb4 28. c3 Rf8 29. cxb4 Qe4+ 30. Ne3 Rxf2+ 31. Kxf2 Qxd4 32. Qg4 Qxb2+ 33. Kg3 Qxa2 34. Kf4 Qb3 35. h4 b6 1-0

[Event "Ontario"]
[Site "Ontario"]
[Date "1997.??.??"]
[Round "7"]
[White "Teodoro, Eduardo"]
[Black "McTavish, David"]
[Result "1-0"]
[WhiteElo "2350"]
[BlackElo "2215"]
[PlyCount "71"]
[EventDate "1997.??.??"]
[EventType "tourn"]
[EventRounds "9"]
[EventCountry "CAN"]
[SourceTitle "EXT 1999"]
[Source "ChessBase"]
[SourceDate "1998.11.16"]
[SourceVersion "1"]
[SourceVersionDate "1998.11.16"]
[SourceQuality "1"]

1. e4 c5 2. Nf3 d6 3. d4 cxd4 4. Nxd4 Nf6 5. Nc3 a6 6. a4 e5 7. Nf3 Qc7 8. h3 Be7 9. Be2 0-0 10. 0-0 h6 11. Be3 Nbd7 12. a5 b5 13. axb6 Nxb6 14. Nd2 Bb7 15. Bxb6 Qxb6 16. Nc4 Qc7 17. Qd3 Nxe4 18. Nxe4 d5 19. Ned2 dxc4 20. Qxc4 Qb6 21. Qb3 Qxb3 22. Nxb3 Be4 23. Bd1 Rfc8 24. c3 Bd5 25. Re1 f6 26. Na5 Rab8 27. Re2 Rc5 28. Rd2 Be6 29. Be2 Bd8 30. Rxd8+ Rxd8 31. Nb7 Rcc8 32. Nxd8 Rxd8 33. Rxa6 Kf7 34. Kf1 Rd2 35. Rb6 Bd5 36. Ke1 1-0

[Event "Ontario"]
[Site "Ontario"]
[Date "1997.??.??"]
[Round "1"]
[White "Teodoro, Eduardo"]
[Black "Ochkoos, Jura"]
[Result "1-0"]
[WhiteElo "2350"]
[BlackElo "2255"]
[PlyCount "63"]
[EventDate "1997.??.??"]
[EventType "tourn"]
[EventRounds "9"]
[EventCountry "CAN"]
[SourceTitle "EXT 1999"]
[Source "ChessBase"]
[SourceDate "1998.11.16"]
[SourceVersion "1"]
[SourceVersionDate "1998.11.16"]
[SourceQuality "1"]

1. e4 e5 2. Nf3 Nc6 3. Nc3 d6 4. h3 g6 5. d4 Bg7 6. d5 Nce7 7. g4 Nf6 8. Be3 h5 9. g5 Nd7 10. Qd2 0-0 11. Be2 a6 12. a4 b6 13. Rg1 Bb7 14. Nh4 Nc8 15. Nf5 Ne7 16. Nxg7 Kxg7 17. f4 exf4 18. Bd4+ Ne5 19. Qxf4 Nc8 20. Bxe5+ dxe5 21. Qxe5+ Kg8 22. 0-0-0 Re8 23. Qf4 Qe7 24. Bxh5 gxh5 25. g6 f6 26. g7 Nd6 27. Qh6 Nf7 28. Qxh5 b5 29. Rdf1 bxa4 30. Rf4 a3 31. Rh4 axb2+ 32. Kb1 1-0

[Event "North Bay op"]
[Site "North Bay"]
[Date "1997.??.??"]
[Round "5"]
[White "Wojtkiewicz, Aleksander"]
[Black "Teodoro, Eduardo"]
[Result "1-0"]
[WhiteElo "2575"]
[BlackElo "2350"]
[PlyCount "167"]
[EventDate "1997.08.06"]
[EventType "swiss"]
[EventRounds "9"]
[EventCountry "CAN"]
[SourceTitle "EXT 1998"]
[Source "ChessBase"]
[SourceDate "1997.11.17"]
[SourceVersion "1"]
[SourceVersionDate "1997.11.17"]
[SourceQuality "1"]

1. Nf3 Nf6 2. c4 c5 3. Nc3 g6 4. e4 Bg7 5. d4 cxd4 6. Nxd4 d6 7. Be2 Nc6 8. Be3 0-0 9. 0-0 Bd7 10. Qd2 Ng4 11. Bxg4 Bxg4 12. f4 Bd7 13. b3 f5 14. exf5 Bxf5 15. Rac1 Kh8 16. Rfe1 Qd7 17. h3 h5 18. Rcd1 Rad8 19. Re2 a6 20. Nxc6 bxc6 21. Bd4 Rf7 22. c5 e5 23. fxe5 dxc5 24. Bxc5 Qxd2 25. Rdxd2 Rxd2 26. Rxd2 Bxe5 27. Bd4 Bxd4+ 28. Rxd4 Kg7 29. Na4 Bb1 30. Rd2 a5 31. Nc5 Rf5 32. Ne6+ Kh6 33. Rd8 g5 34. a3 Rf6 35. Nc5 g4 36. hxg4 hxg4 37. Kh2 Kg5 38. Kg3 Rf5 39. Ne6+ Kg6 40. Nd4 Rc5 41. Kf4 a4 42. Rd6+ Kf7 43. b4 Rc3 44. Rxc6 Rxa3 45. Ra6 Rd3 46. Nc6 Rd2 47. g3 Ke6 48. Rxa4 Kd5 49. b5 Rb2 50. Na7 Bc2 51. Ra6 Rb4+ 52. Kg5 Bd3 53. Rf6 Be2 54. b6 Kc5 55. Rc6+ Kd5 56. Rh6 Bf3 57. Nc8 Kc5 58. Rh7 Kd4 59. Re7 Kd3 60. Re6 Kd2 61. Ne7 Kd3 62. Nc6 Rb5+ 63. Kf4 Bd5 64. Rd6 Kc4 65. b7 Bxc6 66. Rxc6+ Kd5 67. Rc7 Rb4+ 68. Kf5 Kd6 69. Rg7 Kd5 70. Rd7+ Kc6 71. Ke6 Rb3 72. Rg7 Rb4 73. Rxg4 Rxb7 74. Rc4+ Kb5 75. Re4 Rg7 76. g4 Kc5 77. Kf6 Ra7 78. g5 Ra2 79. g6 Rf2+ 80. Ke6 Rg2 81. Kf7 Kd5 82. Rf4 Ke5 83. Rf1 Rg3 84. g7 1-0

[Event "Toronto"]
[Site "Toronto"]
[Date "1996.??.??"]
[Round "5"]
[White "Beckwith, Paul H"]
[Black "Teodoro, Eduardo"]
[Result "1-0"]
[WhiteElo "2280"]
[BlackElo "2265"]
[PlyCount "75"]
[EventDate "1996.02.09"]
[EventType "tourn"]
[EventRounds "11"]
[EventCountry "CAN"]
[SourceTitle "EXT 1998"]
[Source "ChessBase"]
[SourceDate "1997.11.17"]
[SourceVersion "1"]
[SourceVersionDate "1997.11.17"]
[SourceQuality "1"]

1. e4 c5 2. Ne2 e6 3. c4 g6 4. d4 Bg7 5. Nbc3 cxd4 6. Nxd4 a6 7. Be3 Nc6 8. Be2 Nge7 9. 0-0 0-0 10. c5 b5 11. cxb6 Qxb6 12. Nxe6 Qxb2 13. Nxf8 Bxc3 14. Rb1 Qxa2 15. Rc1 Bb2 16. Rc2 Kxf8 17. Bc5 Rb8 18. Bc4 Qa5 19. Qd5 Ke8 20. Qxf7+ Kd8 21. Bxe7+ Nxe7 22. Qf8+ Kc7 23. Qxe7 Bc3 24. Rfc1 Bd2 25. Bxa6+ Kb6 26. Qd6+ Ka7 27. Qd4+ Kxa6 28. Ra1 Bb4 29. Rxa5+ Bxa5 30. Qc4+ Ka7 31. g3 Ba6 32. Qd4+ Bb6 33. Qxd7+ Rb7 34. Qc6 Rf7 35. Ra2 Rc7 36. Qa4 Rc1+ 37. Kg2 Kb7 38. Qxa6+ 1-0

[Event "Toronto m"]
[Site "Toronto"]
[Date "1996.??.??"]
[Round "4"]
[White "Day, Lawrence A"]
[Black "Teodoro, Eduardo"]
[Result "1/2-1/2"]
[WhiteElo "2400"]
[BlackElo "2265"]
[PlyCount "122"]
[EventDate "1996.??.??"]
[EventType "match"]
[EventRounds "6"]
[EventCountry "CAN"]
[SourceTitle "EXT 2001"]
[Source "ChessBase"]
[SourceDate "2000.11.22"]
[SourceVersion "1"]
[SourceVersionDate "2000.11.22"]
[SourceQuality "1"]

1. d4 Nf6 2. Nf3 b6 3. Bg5 Bb7 4. Nbd2 h6 5. Bxf6 exf6 6. e4 Qe7 7. Bd3 Nc6 8. 0-0 g6 9. Re1 Bg7 10. c3 0-0 11. Nf1 Rae8 12. Qa4 a6 13. b4 Nb8 14. Qb3 Kh8 15. a4 Qd8 16. d5 d6 17. a5 b5 18. Rac1 c5 19. c4 bxc4 20. Bxc4 Nd7 21. b5 Qxa5 22. Ra1 Qc7 23. bxa6 Ba8 24. Rab1 Rb8 25. Qa2 Nb6 26. Ne3 Rfe8 27. Nd2 h5 28. g3 Bh6 29. f4 Bg7 30. Bb5 Re7 31. Nec4 Nxc4 32. Bxc4 Rbe8 33. Bb5 Rg8 34. Qa4 Rc8 35. Nc4 Kh7 36. Kf1 f5 37. e5 Bxd5 38. Nxd6 Rd8 39. Rbd1 Bf3 40. Rd3 Ba8 41. Red1 Qa7 42. Nc4 Rxd3 43. Rxd3 Be4 44. Rd8 f6 45. Qd1 fxe5 46. fxe5 Qc7 47. Qd6 Bxe5 48. Nxe5 Qxd6 49. Rxd6 Rxe5 50. Rd7+ Kh6 51. a7 Re6 52. Rc7 Rd6 53. Ke2 Re6 54. Kd2 Kg5 55. Kc3 h4 56. Bc6 Bxc6 57. Rxc6 Re3+ 58. Kc4 Ra3 59. Rc7 hxg3 60. hxg3 Kg4 61. Kxc5 g5 1/2-1/2

[Event "Toronto"]
[Site "Toronto"]
[Date "1996.??.??"]
[Round "7"]
[White "Dougherty, Michael J"]
[Black "Teodoro, Eduardo"]
[Result "1/2-1/2"]
[WhiteElo "2235"]
[BlackElo "2265"]
[PlyCount "86"]
[EventDate "1996.02.09"]
[EventType "tourn"]
[EventRounds "11"]
[EventCountry "CAN"]
[SourceTitle "EXT 1998"]
[Source "ChessBase"]
[SourceDate "1997.11.17"]
[SourceVersion "1"]
[SourceVersionDate "1997.11.17"]
[SourceQuality "1"]

1. e4 c5 2. f4 b6 3. Nf3 Bb7 4. Nc3 a6 5. d4 cxd4 6. Nxd4 e6 7. Bd3 Nc6 8. Nf3 Qc7 9. 0-0 Bc5+ 10. Kh1 b5 11. Qe2 d6 12. Be3 Nge7 13. Rad1 Qb6 14. Bc1 Nd4 15. Nxd4 Bxd4 16. Nb1 Bc5 17. c3 Qc7 18. Nd2 Bb6 19. Nf3 h6 20. e5 d5 21. f5 Nxf5 22. Bxf5 exf5 23. Nd4 Bxd4 24. cxd4 Bc8 25. b3 Be6 26. Ba3 Kd7 27. Rc1 Qb7 28. Qd2 a5 29. Bd6 Rhc8 30. Rxc8 Rxc8 31. Qxa5 Rc2 32. Bc5 Ke8 33. h3 Bc8 34. Re1 f4 35. Rf1 g5 36. Qe1 Qd7 37. Qd1 Qf5 38. a4 Rc3 39. Rf3 Rxf3 40. Qxf3 g4 41. hxg4 Qxg4 42. Qxd5 Qd1+ 43. Kh2 Qh5+ 1/2-1/2

[Event "North Bay op"]
[Site "North Bay"]
[Date "1996.??.??"]
[Round "?"]
[White "Peckford, William"]
[Black "Teodoro, Eduardo"]
[Result "0-1"]
[WhiteElo "2285"]
[BlackElo "2290"]
[PlyCount "75"]
[EventDate "1996.08.??"]
[EventType "swiss"]
[EventRounds "9"]
[EventCountry "CAN"]
[SourceTitle "EXT 1998"]
[Source "ChessBase"]
[SourceDate "1997.11.17"]
[SourceVersion "1"]
[SourceVersionDate "1997.11.17"]
[SourceQuality "1"]

1. d4 f5 2. Bg5 Nf6 3. Bxf6 exf6 4. e3 Nc6 5. Bd3 g6 6. c3 Qe7 7. Qf3 b6 8. Qg3 Qd6 9. Qxd6 Bxd6 10. Ne2 Bb7 11. Nd2 0-0-0 12. Nc4 Bf8 13. h4 h5 14. b4 Ne7 15. Rg1 Re8 16. g3 Rg8 17. Nf4 Kb8 18. Kd2 Nc8 19. a4 d5 20. Na3 Nd6 21. a5 Ne4+ 22. Bxe4 fxe4 23. axb6 cxb6 24. g4 hxg4 25. Rxg4 g5 26. Rag1 Be7 27. R4g2 Rd8 28. Nc2 Rc8 29. Nh3 Rh8 30. Rc1 Rxh4 31. Ng1 f5 32. Ne2 f4 33. exf4 gxf4 34. Rg7 Bf8 35. Rf7 Bh6 36. f3 e3+ 37. Kd1 Ba6 38. Ne1 0-1

[Event "CAN-ch"]
[Site "Toronto"]
[Date "1996.??.??"]
[Round "3"]
[White "Taylor, Gordon"]
[Black "Teodoro, Eduardo"]
[Result "1/2-1/2"]
[WhiteElo "2340"]
[BlackElo "2290"]
[PlyCount "43"]
[EventDate "1996.??.??"]
[EventType "tourn"]
[EventRounds "15"]
[EventCountry "CAN"]
[EventCategory "4"]
[SourceTitle "EXT 1998"]
[Source "ChessBase"]
[SourceDate "1997.11.17"]
[SourceVersion "1"]
[SourceVersionDate "1997.11.17"]
[SourceQuality "1"]

1. d4 d5 2. c4 Nc6 3. Nf3 Nf6 4. Nc3 e6 5. Bg5 Be7 6. e3 0-0 7. Rc1 a6 8. c5 Ne4 9. Bxe7 Qxe7 10. Bd3 Nxc3 11. Rxc3 e5 12. Nxe5 Nxe5 13. dxe5 Qxe5 14. 0-0 Be6 15. Be2 Bf5 16. Bd3 Be4 17. Qb3 Rab8 18. Rd1 Rfd8 19. Rcc1 Bxd3 20. Rxd3 c6 21. Rcd1 Re8 22. Rd4 1/2-1/2

[Event "North Bay op"]
[Site "North Bay"]
[Date "1996.??.??"]
[Round "?"]
[White "Teodoro, Eduardo"]
[Black "Ciaffone, Robert"]
[Result "1-0"]
[WhiteElo "2290"]
[BlackElo "2245"]
[PlyCount "117"]
[EventDate "1996.08.??"]
[EventType "swiss"]
[EventRounds "9"]
[EventCountry "CAN"]
[SourceTitle "EXT 1998"]
[Source "ChessBase"]
[SourceDate "1997.11.17"]
[SourceVersion "1"]
[SourceVersionDate "1997.11.17"]
[SourceQuality "1"]

1. e4 c5 2. Nf3 Nc6 3. d4 cxd4 4. Nxd4 Qb6 5. Nb3 Nf6 6. Nc3 e6 7. Be3 Qc7 8. f4 Bb4 9. Bd3 Bxc3+ 10. bxc3 d6 11. 0-0 e5 12. f5 h6 13. Qf3 b6 14. g4 Bb7 15. h4 h5 16. g5 Ng4 17. Bc1 Nb8 18. Ba3 Nd7 19. Rad1 Nc5 20. Bxc5 dxc5 21. Bc4 Rd8 22. Nd2 f6 23. g6 Ke7 24. Rfe1 Bc6 25. Bd5 Ba4 26. c4 Bxc2 27. Rc1 Ba4 28. Nb1 Rxd5 29. exd5 Bd7 30. d6+ Qxd6 31. Rcd1 Bc6 32. Qg3 Qb8 33. Nc3 Re8 34. Rd2 Kf8 35. Nb5 Rd8 36. Red1 Rxd2 37. Rxd2 Nh6 38. Nd6 Ke7 39. Qd3 Qc7 40. Nb5 Qd7 41. Nxa7 Qxd3 42. Rxd3 Bd7 43. Rb3 Nxf5 44. Rxb6 Nd6 45. Nc6+ Ke6 46. Nb8 Be8 47. Na6 Bxg6 48. Rc6 Bb1 49. Nxc5+ Ke7 50. Rc7+ Ke8 51. Ne6 Bxa2 52. Nxg7+ Kd8 53. Ne6+ Ke8 54. c5 Ne4 55. Ng7+ Kd8 56. Ra7 Bd5 57. Nxh5 Nxc5 58. Nxf6 Bf3 59. h5 1-0

[Event "Toronto"]
[Site "Toronto"]
[Date "1996.??.??"]
[Round "1"]
[White "Teodoro, Eduardo"]
[Black "Day, Lawrence A"]
[Result "1-0"]
[WhiteElo "2265"]
[BlackElo "2400"]
[PlyCount "83"]
[EventDate "1996.02.09"]
[EventType "tourn"]
[EventRounds "11"]
[EventCountry "CAN"]
[SourceTitle "EXT 1998"]
[Source "ChessBase"]
[SourceDate "1997.11.17"]
[SourceVersion "1"]
[SourceVersionDate "1997.11.17"]
[SourceQuality "1"]

1. e4 e5 2. Nf3 Nc6 3. Bb5 a6 4. Ba4 Nf6 5. 0-0 Be7 6. Re1 b5 7. Bb3 d6 8. c3 0-0 9. d4 Bg4 10. Be3 exd4 11. cxd4 Na5 12. Bc2 Nc4 13. Bc1 c5 14. Nbd2 Nxd2 15. Qxd2 Bxf3 16. gxf3 cxd4 17. Qxd4 Rc8 18. Bb3 Nh5 19. f4 Nf6 20. Kh1 d5 21. e5 Bc5 22. Qd1 Ne4 23. Kg2 Nxf2 24. Qf3 Ne4 25. Rd1 Qb6 26. f5 Bd4 27. Bf4 Bxb2 28. Rab1 Bd4 29. Rbc1 Rc3 30. Rxc3 Nxc3 31. Rd3 Qc5 32. f6 Re8 33. Qg4 g6 34. Qd7 Rf8 35. e6 Bxf6 36. Bd6 Qc8 37. Bxf8 Qxd7 38. exd7 Ne2 39. Bd6 d4 40. Kf1 Nc1 41. Rd1 Nxb3 42. axb3 1-0

[Event "Toronto m"]
[Site "Toronto"]
[Date "1996.??.??"]
[Round "5"]
[White "Teodoro, Eduardo"]
[Black "Day, Lawrence A"]
[Result "1-0"]
[WhiteElo "2265"]
[BlackElo "2400"]
[PlyCount "95"]
[EventDate "1996.??.??"]
[EventType "match"]
[EventRounds "6"]
[EventCountry "CAN"]
[SourceTitle "EXT 2001"]
[Source "ChessBase"]
[SourceDate "2000.11.22"]
[SourceVersion "1"]
[SourceVersionDate "2000.11.22"]
[SourceQuality "1"]

1. e4 e5 2. Nf3 Nc6 3. Bb5 a6 4. Ba4 Nf6 5. 0-0 Be7 6. Re1 b5 7. Bb3 d6 8. c3 0-0 9. d4 Bg4 10. Be3 exd4 11. cxd4 Na5 12. Bc2 c5 13. Nbd2 cxd4 14. Bxd4 Nc6 15. Nb3 Ne5 16. a4 Nxf3+ 17. gxf3 Be6 18. f4 Bg4 19. Qd3 Bh5 20. Bxf6 Bxf6 21. e5 Bg6 22. f5 Bxe5 23. fxg6 Qg5+ 24. Kh1 fxg6 25. Qd5+ Kh8 26. Qg2 Qxg2+ 27. Kxg2 bxa4 28. Rxa4 Bxb2 29. Re2 Bc3 30. Re3 Be5 31. Be4 Ra7 32. Na5 Raf7 33. f3 g5 34. Nc4 Bf4 35. Rd3 h5 36. Rxa6 Rc7 37. Rd4 g4 38. fxg4 hxg4 39. Nxd6 Be3 40. Rd5 g5 41. Nf5 Bf4 42. Rh6+ Kg8 43. Ra5 Rd8 44. Bd5+ Rxd5 45. Rxd5 Rc2+ 46. Kf1 Bxh2 47. Rd8+ Kf7 48. Rd7+ 1-0

[Event "CAN-ch"]
[Site "Toronto"]
[Date "1996.??.??"]
[Round "12"]
[White "Teodoro, Eduardo"]
[Black "Leveille, Francois"]
[Result "1-0"]
[WhiteElo "2290"]
[BlackElo "2350"]
[PlyCount "55"]
[EventDate "1996.??.??"]
[EventType "tourn"]
[EventRounds "15"]
[EventCountry "CAN"]
[EventCategory "4"]
[SourceTitle "EXT 1998"]
[Source "ChessBase"]
[SourceDate "1997.11.17"]
[SourceVersion "1"]
[SourceVersionDate "1997.11.17"]
[SourceQuality "1"]

1. e4 c5 2. Nf3 d6 3. d4 cxd4 4. Nxd4 Nf6 5. Nc3 a6 6. Be2 e5 7. Nf3 h6 8. 0-0 Be6 9. Be3 Nbd7 10. a4 b6 11. Nd2 Qc7 12. Kh1 Be7 13. f4 exf4 14. Bxf4 Ne5 15. Nf3 Nxf3 16. gxf3 Qb7 17. Rg1 d5 18. exd5 Nxd5 19. Nxd5 Bxd5 20. Rxg7 Rc8 21. Rg3 Kf8 22. Qd4 f6 23. Bd6 Bxd6 24. Qxf6+ Bf7 25. Qxd6+ Qe7 26. Qd4 Rg8 27. Rxg8+ Bxg8 28. Qf4+ 1-0

[Event "Toronto"]
[Site "Toronto"]
[Date "1996.??.??"]
[Round "3"]
[White "Teodoro, Eduardo"]
[Black "Livshits, Ron"]
[Result "0-1"]
[WhiteElo "2265"]
[BlackElo "2420"]
[PlyCount "114"]
[EventDate "1996.02.09"]
[EventType "tourn"]
[EventRounds "11"]
[EventCountry "CAN"]
[SourceTitle "EXT 1998"]
[Source "ChessBase"]
[SourceDate "1997.11.17"]
[SourceVersion "1"]
[SourceVersionDate "1997.11.17"]
[SourceQuality "1"]

1. e4 c5 2. Nf3 Nc6 3. d4 cxd4 4. Nxd4 Qb6 5. Nb3 e6 6. Be3 Qc7 7. Nc3 Nf6 8. a3 a6 9. Be2 d6 10. 0-0 Be7 11. f4 b5 12. Bf3 Bb7 13. Qe1 0-0 14. g4 Rfe8 15. g5 Nd7 16. Bg2 b4 17. axb4 Nxb4 18. Qf2 Rab8 19. Ba7 Rbc8 20. Ra4 d5 21. e5 Bc6 22. Raa1 Nxc2 23. Rxa6 Qb7 24. Rxc6 Rxc6 25. Na5 Qxa7 26. Qxa7 Bc5+ 27. Kh1 Bxa7 28. Nxc6 Be3 29. Nb5 g6 30. Bh3 Kf8 31. Nd6 Ra8 32. f5 gxf5 33. Bxf5 Ra1 34. Rxa1 Nxa1 35. Bxh7 Bxg5 36. b4 Bf4 37. Nd8 Bxe5 38. N6xf7 Bc3 39. Ng5 e5 40. Nc6 Kg7 41. Bf5 Nb6 42. h4 Kf6 43. Bb1 Nb3 44. b5 Nd2 45. Bc2 e4 46. Nd8 Bd4 47. Nde6 Be3 48. Nc7 Ke5 49. Nf7+ Kf4 50. h5 Kg3 51. h6 Bd4 52. Nxd5 Nxd5 53. Bxe4 Nxe4 54. h7 Nf4 55. h8Q Bxh8 56. Kg1 Bd4+ 57. Kf1 Bf2 0-1